000 01748nam0a2200373 i 4500
001 RU\NLR\bibl\2000029
005 20260531063010.0
010 _a9785271426896
_93000
021 _aRU
_b2013-5277
_9376
035 _a(nilc)LIBNET\0000302071
035 _a(NLR Aleph) 001988776
090 _a4194920
_c4194920
100 _a20121221d2012 u y0rusy50 ca
101 1 _arus
_cfre
102 _aRU
105 _ay |||||||||
200 1 _aБлок и его время
_eбиография
_fНина Берберова
_g[пер. с фр. А. Курт, А. Райской]
210 _aМосква
_cАстрель
_d2012
215 _a252, [2] с.
_d21
300 _aЗагл. и авт. ориг.: Alexandre Blok et son temps / Nina Berberova
320 _aБиблиогр. в подстроч. прим.
454 0 _12001#$aAlexandre Blok et son temps$fNina Berberova
_1700#1$aBerberova$bN. N.$f1901-1993$gNina Nikolaevna
_tAlexandre Blok et son temps
_aBerberova, Nina Nikolaevna (1901-1993)
600 1 _aБлок
_bА.А.
_f1880 - 1921
_gАлександр Александрович
_xБиография
_92095802
_3RU\NLR\auth\661268062
686 _a83.3(2Рос-Рус)6-84Блок
_vLBC/RL
_2rubbk
686 _aШ5(2=Р)53-4Блок2
700 1 _4070
_8rus
_7ca
_aБерберова
_bН. Н.
_gНина Николаевна
_f1901-1993
_3RU\NLR\auth\7740004
_922960
702 1 _4570
_8rus
_7ca
_aБлок
_bА. А.
_f1880-1921
_gАлександр Александрович
_3RU\NLR\auth\77311
_9110366
801 0 _aRU
_bПермская ГОУБ
_c20121221
_grcr
801 1 _aRU
_bПермская ГОУБ
_c20121221
801 2 _aRU
_bNLR
_c20130213
_grcr
942 _cBOOK
980 _aNBR